000
00279nam a2200109Ia 4500
008
200302s9999 xx 000 0 und d
100
_a
S. S. Bhavikatti
245
_a
Strength of Materials 3rd ed.
260
_b
Vikas Publishing House Pvt. Ltd.
260
_c
2008
300
_a
406 P.,
999
_c
2534
_d
2534